[Event "Hotel MEDOSZ Spring Open"]
[Site "Budapest"]
[Date "2014.03.19"]
[Round "6.8"]
[White "Wiman, Kenneth"]
[Black "Nagy, Ervin Dr"]
[Result "0-1"]
[WhiteElo "1891"]
[BlackElo "2269"]
[PlyCount "98"]
[EventDate "2014.03.14"]

1. d4 Nf6 2. Nf3 d5 3. c4 c6 4. Nc3 e6 5. e3 Nbd7 6. Bd3 Bd6 7. O-O O-O 8. e4
dxc4 9. Bxc4 b5 10. Bd3 b4 11. Na4 e5 12. dxe5 Nxe5 13. Nxe5 Bxe5 14. Qe2 Qa5
15. Qc2 Ba6 16. Bxa6 Qxa6 17. Nc5 Qb5 18. Bg5 Rfe8 19. Rac1 Rad8 20. h3 Bd4 21.
Bxf6 Bxf6 22. Nb3 Qe5 23. Qxc6 Qxb2 24. Rc2 Qe5 25. Re1 Qb8 26. Qc7 Bc3 27.
Qxb8 Rxb8 28. Ree2 Rbd8 29. g3 Re7 30. Kg2 Rde8 31. Nc5 f5 32. f3 a5 33. a4 Kf7
34. Nb3 fxe4 35. fxe4 Rxe4 36. Kf3 R4e6 37. Rxe6 Rxe6 38. Nc5 Re1 39. Nb3 Rb1
40. Nc5 Bf6 41. Rd2 Rc1 42. Ne4 b3 43. Nxf6 Kxf6 44. Rb2 Rc3+ 45. Kg4 Ke5 46.
h4 Kd4 47. Re2 Kd3 48. Re7 Rc4+ 49. Kf3 b2 0-1

[Event "Hotel MEDOSZ Spring Open"]
[Site "Budapest"]
[Date "2014.03.19"]
[Round "6.9"]
[White "Grajczak, Adrian"]
[Black "Kakuk, Sandor"]
[Result "1/2-1/2"]
[WhiteElo "1953"]
[BlackElo "2200"]
[PlyCount "98"]
[EventDate "2014.03.14"]

1. e4 c5 2. Nf3 e6 3. d4 cxd4 4. Nxd4 a6 5. Bd3 Qc7 6. Qe2 Nc6 7. Nxc6 dxc6 8.
e5 Ne7 9. c4 c5 10. Nc3 Nc6 11. f4 Bd7 12. O-O Nd4 13. Qf2 Bc6 14. Be3 O-O-O
15. Rfd1 h6 16. Be4 g5 17. Rac1 gxf4 18. Bxf4 Bxe4 19. Nxe4 f5 20. Nd6+ Bxd6
21. exd6 Qg7 22. Re1 Rhg8 23. Be5 Qg5 24. Rc3 Kd7 25. Rg3 Qh4 26. Ree3 Rxg3 27.
Rxg3 Qe4 28. Re3 Qg4 29. h3 Qh5 30. Qg3 Qg5 31. Qf2 Rg8 32. Kh2 Rg6 33. Rg3 Qh4
34. Qd2 Rxg3 35. Bxg3 Qf6 36. Qa5 Qd8 37. Qxc5 Nc6 38. Qe3 Qf8 39. c5 Qf6 40.
Qb3 Nd8 41. Qb6 e5 42. Qc7+ Ke6 43. d7 Kd5 44. Be1 f4 45. Ba5 f3 46. gxf3 Qf4+
47. Kg2 Qg5+ 48. Kf1 Qc1+ 49. Kg2 Qc2+ 1/2-1/2

[Event "Hotel MEDOSZ Spring Open"]
[Site "Budapest"]
[Date "2014.03.19"]
[Round "6.10"]
[White "Csapo, Zoltan"]
[Black "Ghadiri, Radmehr"]
[Result "1-0"]
[WhiteElo "2024"]
[BlackElo "1786"]
[PlyCount "49"]
[EventDate "2014.03.14"]

1. e4 c6 2. d3 d5 3. Nd2 Qc7 4. g3 Nf6 5. Bg2 Bg4 6. f3 Bc8 7. Nh3 Bxh3 8. Bxh3
e6 9. f4 Be7 10. Nf3 dxe4 11. dxe4 Nxe4 12. Qe2 Qa5+ 13. Nd2 Nd6 14. O-O Qc5+
15. Kh1 Qxc2 16. f5 Nxf5 17. Bxf5 exf5 18. Re1 Qc5 19. Nf3 f6 20. Bf4 Nd7 21.
Rac1 Qb4 22. Rc4 O-O-O 23. Rxb4 Bxb4 24. Rc1 Rhe8 25. Rxc6+ 1-0

[Event "Hotel MEDOSZ Spring Open"]
[Site "Budapest"]
[Date "2014.03.19"]
[Round "6.11"]
[White "Pesola, Jyrki"]
[Black "Heyl, Thomas"]
[Result "1/2-1/2"]
[WhiteElo "1863"]
[BlackElo "1999"]
[PlyCount "129"]
[EventDate "2014.03.14"]

1. e4 c5 2. Nf3 e6 3. d4 cxd4 4. Nxd4 a6 5. Bd3 Nf6 6. O-O Qc7 7. Nc3 b5 8. Kh1
Bb7 9. Qe2 d6 10. f4 Nbd7 11. a4 b4 12. Nd1 Be7 13. Bd2 a5 14. Nb5 Qb8 15. Nf2
e5 16. Rac1 O-O 17. c3 b3 18. fxe5 dxe5 19. c4 Nc5 20. Nc3 Bc6 21. Nd5 Bd8 22.
Bb1 Bxa4 23. Ng4 Nxg4 24. Qxg4 Bd7 25. Qh5 Ra6 26. Bc3 f6 27. Rf3 Qc8 28. Rg3
Be8 29. Qh6 Bg6 30. Qe3 Rf7 31. h4 Rd7 32. Qe2 Bf7 33. h5 Qc6 34. Rf1 Qe6 35.
Qf2 Na4 36. h6 Bg6 37. hxg7 Nxc3 38. Rxc3 a4 39. Qc5 Kxg7 40. Qb5 Qc6 41. Qxc6
Rxc6 42. g4 Rdd6 43. Bd3 Ba5 44. Rcc1 Rc5 45. Kg1 Bd2 46. Rcd1 Bg5 47. Ra1 Be8
48. Kf2 Bd7 49. Kg3 Bf4+ 50. Kf3 Bg5 51. Rfd1 Kf7 52. Rh1 h6 53. Rhd1 Ke6 54.
Be2 Be8 55. Rh1 Bc6 56. Rhd1 Kd7 57. Kf2 Bxd5 58. exd5 Ra6 59. Ra3 Ra7 60. Rda1
Rca5 61. Bd1 Kd6 62. Bxb3 Rb7 63. Bxa4 Rxb2+ 64. Kf3 Rh2 65. Ke4 1/2-1/2

[Event "Hotel MEDOSZ Spring Open"]
[Site "Budapest"]
[Date "2014.03.19"]
[Round "6.12"]
[White "Marcu, Simon"]
[Black "Szlenka, Attila"]
[Result "1/2-1/2"]
[WhiteElo "1892"]
[BlackElo "1804"]
[PlyCount "90"]
[EventDate "2014.03.14"]

1. d4 Nf6 2. c4 g6 3. Nc3 Bg7 4. e4 d6 5. Bd3 Nbd7 6. Nge2 e5 7. d5 O-O 8. Ng3
Ne8 9. O-O Nc5 10. f4 exf4 11. Bxf4 Bg4 12. Qd2 a5 13. Bc2 Be5 14. h3 Bd7 15.
Rf3 Qe7 16. Raf1 Ng7 17. Qf2 Be8 18. b3 Nd7 19. Bh6 Qh4 20. Bf4 b6 21. Nb5 Rc8
22. Na7 Ra8 23. Nc6 Bxf4 24. Rxf4 Qg5 25. Rg4 Qh6 26. Qd4 Ne5 27. Nxe5 dxe5 28.
Qxe5 Qe3+ 29. Kh2 Bd7 30. Rgf4 Qc5 31. Qg5 Rae8 32. e5 Qe3 33. Be4 Qc3 34. e6
fxe6 35. Rxf8+ Rxf8 36. Rxf8+ Kxf8 37. Qd8+ Be8 38. Qxc7 Qd4 39. d6 Kg8 40. Bc6
Qe5 41. Qd8 Nf5 42. Qxe8+ Kg7 43. Qe7+ Kh6 44. Qf8+ Kg5 45. Qd8+ Kh6 1/2-1/2

[Event "Hotel MEDOSZ Spring Open"]
[Site "Budapest"]
[Date "2014.03.19"]
[Round "6.13"]
[White "Polyanszky-Tamasi, Zoltan"]
[Black "Xiao Hu, Chen"]
[Result "1-0"]
[WhiteElo "1799"]
[BlackElo "1546"]
[PlyCount "117"]
[EventDate "2014.03.14"]

1. c4 e6 2. g3 d5 3. Bg2 Nf6 4. Nf3 dxc4 5. Nc3 c6 6. Ne5 Be7 7. Nxc4 Nbd7 8.
O-O b5 9. Ne3 Bb7 10. Nxb5 cxb5 11. Bxb7 Rb8 12. Bg2 O-O 13. b3 Qa5 14. Bb2 Bb4
15. a3 Bd6 16. b4 Qb6 17. d4 Rbc8 18. Qd3 a5 19. Bc3 a4 20. Rfc1 Rfd8 21. Bb2
Nf8 22. Rxc8 Rxc8 23. Rc1 Rxc1+ 24. Bxc1 Qc7 25. Qc2 Nd5 26. Qxc7 Nxc7 27. Bc6
Ng6 28. Nd1 Ne7 29. Bd7 Ned5 30. e4 Nb6 31. Bc6 Nc8 32. Nc3 Na7 33. Bb7 Kf8 34.
Be3 Ne8 35. f4 Bb8 36. d5 exd5 37. Bc5+ Kg8 38. exd5 f5 39. Kf1 Kf7 40. Bxa7
Bxa7 41. Nxb5 Be3 42. Ke2 Bc1 43. Kd3 Ke7 44. Bc6 Nd6 45. Kc2 Nxb5 46. Kxc1
Nxa3 47. Bxa4 Nc4 48. Bc6 Kd6 49. b5 Nb6 50. Kc2 Nxd5 51. Bxd5 Kxd5 52. Kb3 Kc5
53. Ka4 Kb6 54. Kb4 h6 55. h4 g6 56. Kc4 Kb7 57. Kc5 Kc7 58. b6+ Kb7 59. Kb5
1-0

[Event "Hotel MEDOSZ Spring Open"]
[Site "Budapest"]
[Date "2014.03.19"]
[Round "6.14"]
[White "Bacsi, Andras"]
[Black "Ladanyi, Gyula"]
[Result "1-0"]
[WhiteElo "1778"]
[BlackElo "1798"]
[PlyCount "61"]
[EventDate "2014.03.14"]

1. e4 e5 2. Nf3 Nc6 3. Bc4 Nf6 4. d3 Be7 5. O-O O-O 6. Re1 d6 7. c3 Bg4 8. h3
Bh5 9. Nbd2 Na5 10. Bb5 a6 11. Ba4 b5 12. Bc2 c5 13. Nf1 h6 14. g4 Bg6 15. Ng3
Nc6 16. Be3 d5 17. exd5 Nxd5 18. Nf5 Bxf5 19. gxf5 Qc7 20. d4 exd4 21. cxd4
Rad8 22. Rc1 Nxe3 23. Rxe3 cxd4 24. Re4 Bf6 25. Rg4 Qd7 26. Be4 Ne5 27. Nxe5
Bxe5 28. Qd2 Rc8 29. Rxc8 Rxc8 30. Qxh6 Bf6 31. Qxf6 1-0

[Event "Hotel MEDOSZ Spring Open"]
[Site "Budapest"]
[Date "2014.03.19"]
[Round "6.15"]
[White "Ongut, Tamas Gunes"]
[Black "Szalay, Janos Dr"]
[Result "0-1"]
[WhiteElo "1531"]
[BlackElo "1795"]
[PlyCount "82"]
[EventDate "2014.03.14"]

1. e4 c5 2. Nf3 d6 3. d4 cxd4 4. Nxd4 e5 5. Nb3 a6 6. c4 Nf6 7. Nc3 Be7 8. Be2
O-O 9. Be3 b6 10. O-O Bb7 11. f3 Nbd7 12. Rc1 Nc5 13. Kh1 Nh5 14. Nxc5 bxc5 15.
g4 Nf4 16. Bxf4 exf4 17. Nd5 Bh4 18. Qd2 Bxd5 19. cxd5 a5 20. Rc4 Bf6 21. b3
Be5 22. Rg1 Qd7 23. a4 Rfb8 24. Bd1 Rb4 25. Rxb4 axb4 26. Be2 Qe7 27. g5 Qd7
28. Bb5 Qh3 29. Qe2 h6 30. gxh6 Qxh6 31. Qg2 Bd4 32. Rd1 Qf6 33. Bc6 Ra7 34.
Qg4 g6 35. Qc8+ Kg7 36. Qg4 Qe5 37. Bb5 Be3 38. Bc4 Ra8 39. Be2 Rh8 40. Bc4 Bf2
41. a5 Bg3 0-1

[Event "Hotel MEDOSZ Spring Open"]
[Site "Budapest"]
[Date "2014.03.19"]
[Round "6.16"]
[White "Horvath, Lajos Dr"]
[Black "Szabo, Miklos Istvan"]
[Result "1-0"]
[WhiteElo "1565"]
[BlackElo "1332"]
[PlyCount "63"]
[EventDate "2014.03.14"]

1. e4 c5 2. Bc4 e6 3. Nc3 Nc6 4. a3 Nf6 5. d3 d5 6. exd5 exd5 7. Ba2 Be7 8. Nf3
Be6 9. O-O Qd7 10. Re1 O-O-O 11. Bf4 Nh5 12. Ne5 Nxe5 13. Bxe5 Nf6 14. Bb3 Qe8
15. Ba4 Bd7 16. Bb3 Be6 17. a4 c4 18. Ba2 Qc6 19. Nb5 Qb6 20. d4 Ne8 21. b3 Bb4
22. c3 Be7 23. bxc4 dxc4 24. Rb1 Qa6 25. Rb2 f6 26. Bg3 h5 27. Qe2 h4 28. Bf4
g5 29. Bd2 Ng7 30. Bxc4 Bxc4 31. Qxc4+ Kd7 32. Qc7+ 1-0

[Event "Hotel MEDOSZ Spring Open"]
[Site "Budapest"]
[Date "2014.03.20"]
[Round "7.2"]
[White "House, Glenn L"]
[Black "Farkas, Richard"]
[Result "1/2-1/2"]
[WhiteElo "2204"]
[BlackElo "2191"]
[PlyCount "64"]
[EventDate "2014.03.14"]

1. e4 c5 2. d3 Nc6 3. g3 d5 4. Nd2 Nf6 5. Bg2 e5 6. Ngf3 Be7 7. O-O O-O 8. c3
d4 9. Nc4 Qc7 10. a4 Be6 11. Qe2 Rfd8 12. cxd4 Bxc4 13. dxc4 cxd4 14. Rd1 Na5
15. Bg5 Qxc4 16. Qxc4 Nxc4 17. b3 Na5 18. Nxe5 h6 19. Bxf6 Bxf6 20. Nd3 Rac8
21. e5 Be7 22. b4 Nc6 23. Rab1 b6 24. Rdc1 Nb8 25. Kf1 Rc3 26. Ke2 Na6 27. Kd2
Ra3 28. Bc6 Ra2+ 29. Kd1 Nb8 30. Be4 Na6 31. Bc6 Nb8 32. Be4 Na6 1/2-1/2

[Event "Hotel MEDOSZ Spring Open"]
[Site "Budapest"]
[Date "2014.03.20"]
[Round "7.3"]
[White "Balint, Vilmos"]
[Black "Vereb, Gabor"]
[Result "1-0"]
[WhiteElo "2246"]
[BlackElo "2137"]
[PlyCount "67"]
[EventDate "2014.03.14"]

1. e4 c5 2. Nf3 d6 3. d4 cxd4 4. Nxd4 Nf6 5. Nc3 a6 6. Bc4 e6 7. Bb3 Nc6 8. Be3
Be7 9. f4 Qc7 10. Qf3 Bd7 11. f5 Nxd4 12. Bxd4 exf5 13. O-O-O O-O 14. exf5 Bc6
15. Qg3 b5 16. Bd5 Rfc8 17. Rhe1 Nh5 18. Qf2 Bf6 19. Bb6 Qb7 20. Bxc6 Rxc6 21.
Nd5 Be5 22. Qf3 Rac8 23. Bd4 Nf6 24. Bxe5 dxe5 25. Nb4 e4 26. Qa3 Rc4 27. c3 e3
28. Qxa6 Qe4 29. Nc2 Nd5 30. Rd4 Qxf5 31. Qxb5 R4c5 32. Qd3 Qe6 33. Rxe3 Qc6
34. Nb4 1-0

[Event "Hotel MEDOSZ Spring Open"]
[Site "Budapest"]
[Date "2014.03.20"]
[Round "7.4"]
[White "To, Nhat Minh"]
[Black "Szalanczy, Emil"]
[Result "1/2-1/2"]
[WhiteElo "2354"]
[BlackElo "2240"]
[PlyCount "68"]
[EventDate "2014.03.14"]

1. d4 c5 2. c3 Nf6 3. Nf3 e6 4. Bf4 Nc6 5. e3 d5 6. Nbd2 Bd6 7. Bg3 Bxg3 8.
hxg3 Qd6 9. Bd3 e5 10. dxc5 Qxc5 11. e4 Be6 12. O-O O-O 13. exd5 Bxd5 14. Qc2
a5 15. Rfe1 Rfe8 16. Ne4 Bxe4 17. Bxe4 g6 18. Bxc6 bxc6 19. Nd2 Ng4 20. Ne4 Qa7
21. Rad1 Rad8 22. Qe2 h5 23. Qc4 Qb6 24. b3 Kg7 25. a4 Rxd1 26. Rxd1 Rd8 27.
Rxd8 Qxd8 28. Qe2 Qb6 29. Qc4 Qd8 30. Qe2 f5 31. Qd2 Qb6 32. Qd7+ Kh6 33. Qd2+
Kg7 34. Qd7+ Kh6 1/2-1/2

[Event "Hotel MEDOSZ Spring Open"]
[Site "Budapest"]
[Date "2014.03.20"]
[Round "7.5"]
[White "Cross, Ted"]
[Black "Brustkern, Juergen"]
[Result "0-1"]
[WhiteElo "2034"]
[BlackElo "2233"]
[PlyCount "54"]
[EventDate "2014.03.14"]

1. e4 c5 2. Nc3 e6 3. f4 d5 4. Nf3 dxe4 5. Nxe4 Nc6 6. d3 Nge7 7. g3 b6 8. Bg2
Bb7 9. O-O Qc7 10. c3 O-O-O 11. Qc2 h5 12. Be3 Nf5 13. Bf2 h4 14. g4 h3 15. Bh1
Nh6 16. Bg3 Nxg4 17. f5 e5 18. Qe2 Qd7 19. Rad1 Ba6 20. Ne1 Nh6 21. Ng5 Bb7 22.
Nxh3 Nxf5 23. Bxc6 Bxc6 24. Nf2 Nxg3 25. hxg3 Bd6 26. Ne4 Bc7 27. Qf2 f5 0-1

[Event "Hotel MEDOSZ Spring Open"]
[Site "Budapest"]
[Date "2014.03.20"]
[Round "7.6"]
[White "Boguszlavszkij, Jevgenyij"]
[Black "Csapo, Zoltan"]
[Result "1-0"]
[WhiteElo "2224"]
[BlackElo "2024"]
[PlyCount "77"]
[EventDate "2014.03.14"]

1. g3 e5 2. Bg2 d5 3. c3 Nf6 4. d4 Nc6 5. Nh3 Bf5 6. f3 exd4 7. cxd4 Bb4+ 8.
Nc3 Qe7 9. a3 Ba5 10. Nf2 Bb6 11. O-O Bxd4 12. e3 Bxc3 13. bxc3 O-O 14. Qa4 Nd7
15. Qf4 Qe5 16. e4 Be6 17. Qxe5 Ndxe5 18. f4 Nc4 19. exd5 Bf5 20. dxc6 b6 21.
Bd5 Nd6 22. g4 Bc2 23. Ra2 Ba4 24. Ne4 Rfd8 25. Ng5 h6 26. Nf3 Nb5 27. c4 Nc3
28. Rd2 Nxd5 29. cxd5 Bb3 30. d6 cxd6 31. Nd4 Bc4 32. Re1 Kf8 33. Kf2 Rac8 34.
Bb2 b5 35. Bc3 a6 36. Ba5 Re8 37. Rxe8+ Rxe8 38. Nf5 Rc8 39. c7 1-0

[Event "Hotel MEDOSZ Spring Open"]
[Site "Budapest"]
[Date "2014.03.20"]
[Round "7.7"]
[White "Nagy, Ervin Dr"]
[Black "Polyanszky-Tamasi, Zoltan"]
[Result "1-0"]
[WhiteElo "2269"]
[BlackElo "1799"]
[PlyCount "65"]
[EventDate "2014.03.14"]

1. e4 c6 2. Nf3 d5 3. exd5 cxd5 4. d4 g6 5. c3 Bg7 6. Bf4 Nc6 7. Be2 Nh6 8. O-O
O-O 9. Qc1 Nf5 10. Rd1 Qb6 11. Na3 Nd6 12. Nc2 Ne4 13. Ne3 Rd8 14. Qc2 h6 15.
Nxd5 Rxd5 16. Qxe4 e6 17. Qc2 g5 18. Be3 f5 19. Bc4 f4 20. Bxd5 exd5 21. Bd2
Bg4 22. Re1 Bxf3 23. gxf3 Rf8 24. Qb3 Qd8 25. Re6 g4 26. Rg6 Na5 27. Qc2 gxf3
28. Kh1 Qh4 29. Rag1 Rf7 30. Qd3 Qxf2 31. Bxf4 Rxf4 32. Rxg7+ Kf8 33. Qh7 1-0

[Event "Hotel MEDOSZ Spring Open"]
[Site "Budapest"]
[Date "2014.03.20"]
[Round "7.8"]
[White "Bach, Matthias"]
[Black "Grajczak, Adrian"]
[Result "1-0"]
[WhiteElo "2234"]
[BlackElo "1953"]
[PlyCount "67"]
[EventDate "2014.03.14"]

1. d4 Nf6 2. c4 c5 3. d5 e6 4. Nc3 exd5 5. cxd5 d6 6. e4 g6 7. f4 Bg7 8. Nf3
O-O 9. Be2 a6 10. a4 Bg4 11. O-O Nbd7 12. Re1 Nh5 13. e5 dxe5 14. fxe5 Bxf3 15.
Bxf3 Nxe5 16. Bxh5 gxh5 17. Qxh5 Nd3 18. Re4 Re8 19. Bh6 Rxe4 20. Nxe4 Qb6 21.
Bxg7 c4+ 22. Kh1 Kxg7 23. Rf1 Qg6 24. Qf3 Rd8 25. Ng3 Kg8 26. Nf5 Qg5 27. d6
Rf8 28. h4 Qf4 29. Qxf4 Nxf4 30. Rxf4 b5 31. Rg4+ Kh8 32. d7 Rd8 33. Nh6 Rxd7
34. Rg8# 1-0

[Event "Hotel MEDOSZ Spring Open"]
[Site "Budapest"]
[Date "2014.03.20"]
[Round "7.9"]
[White "Kakuk, Sandor"]
[Black "Marcu, Simon"]
[Result "1-0"]
[WhiteElo "2200"]
[BlackElo "1892"]
[PlyCount "39"]
[EventDate "2014.03.14"]

1. e4 c6 2. d4 d5 3. e5 e6 4. Bd3 c5 5. c3 Nc6 6. Nf3 cxd4 7. cxd4 Bd7 8. Nc3
a6 9. O-O Nge7 10. Bg5 b5 11. Bxb5 Qb6 12. Bxc6 Nxc6 13. Qd2 Na5 14. b3 Bb4 15.
Qe3 O-O 16. Bf6 gxf6 17. exf6 Kh8 18. Ng5 e5 19. Nxd5 Qb5 20. Qe4 1-0

[Event "Hotel MEDOSZ Spring Open"]
[Site "Budapest"]
[Date "2014.03.20"]
[Round "7.10"]
[White "Heyl, Thomas"]
[Black "Bacsi, Andras"]
[Result "1-0"]
[WhiteElo "1999"]
[BlackElo "1778"]
[PlyCount "127"]
[EventDate "2014.03.14"]

1. c4 e5 2. g3 Nc6 3. Nc3 Nf6 4. Bg2 Be7 5. Nf3 O-O 6. O-O d6 7. d3 h6 8. a3
Be6 9. b4 Qd7 10. Re1 Rad8 11. Bb2 Rfe8 12. e3 Bf8 13. Qc2 Bf5 14. b5 Ne7 15.
Nh4 c6 16. Nxf5 Qxf5 17. e4 Qc8 18. Rac1 Qb8 19. a4 d5 20. exd5 cxd5 21. Qb3
dxc4 22. dxc4 Ng6 23. Ne4 b6 24. Nxf6+ gxf6 25. Bc6 Re6 26. Bd5 Red6 27. Qf3
Kg7 28. h4 R6d7 29. Qg4 Kh7 30. Qf5 Kg7 31. Qg4 Kh7 32. Be4 Kh8 33. Qf5 Be7 34.
Bb1 Qd6 35. h5 Nf8 36. Rxe5 Qd2 37. Rxe7 Qxb2 38. Ree1 Rd6 39. Qf4 Qd2 40. Qf5
Qg5 41. Qf3 Kg7 42. Rcd1 Rxd1 43. Rxd1 Rxd1+ 44. Qxd1 Ne6 45. Be4 f5 46. Bd5
Nc5 47. a5 Qf6 48. axb6 axb6 49. Qe2 Qd4 50. Kg2 Nd3 51. Qe3 Qxe3 52. fxe3 Ne5
53. c5 bxc5 54. b6 Kf6 55. b7 Nd7 56. Kf3 Ke5 57. Bxf7 Nb8 58. Bc4 Nc6 59. Bd3
Nb8 60. Bb5 Kf6 61. Kf4 Ke6 62. e4 fxe4 63. Kxe4 Kf6 64. Kd5 1-0

[Event "Hotel MEDOSZ Spring Open"]
[Site "Budapest"]
[Date "2014.03.20"]
[Round "7.11"]
[White "Szlenka, Attila"]
[Black "Simon, Lili"]
[Result "0-1"]
[WhiteElo "1804"]
[BlackElo "1936"]
[PlyCount "54"]
[EventDate "2014.03.14"]

1. Nf3 d5 2. g3 Nf6 3. Bg2 c6 4. d3 Bg4 5. Nbd2 Nbd7 6. O-O e5 7. e4 Bd6 8. h3
Bh5 9. g4 Bg6 10. Nh4 dxe4 11. Nxg6 hxg6 12. Nc4 Bc7 13. dxe4 Qe7 14. Be3 O-O
15. Qe2 b5 16. Nd2 Nc5 17. Nb3 Ne6 18. Rfd1 a6 19. f3 Rfd8 20. Rxd8+ Rxd8 21.
Rd1 Nf4 22. Bxf4 exf4 23. Rxd8+ Qxd8 24. Qd3 Bb6+ 25. Kf1 Nd7 26. Nc1 Qh4 27.
Qd2 Be3 0-1

[Event "Hotel MEDOSZ Spring Open"]
[Site "Budapest"]
[Date "2014.03.20"]
[Round "7.12"]
[White "Ghadiri, Radmehr"]
[Black "Wiman, Kenneth"]
[Result "1-0"]
[WhiteElo "1786"]
[BlackElo "1891"]
[PlyCount "81"]
[EventDate "2014.03.14"]

1. d4 Nf6 2. c4 c5 3. d5 e6 4. Nc3 exd5 5. cxd5 d6 6. e4 g6 7. f4 Bg7 8. Bb5+
Nfd7 9. Bd3 O-O 10. Nf3 a6 11. a4 Qc7 12. Nd2 Nf6 13. O-O Ng4 14. Qf3 Bd4+ 15.
Kh1 Qe7 16. Qg3 h5 17. Nf3 Bg7 18. h3 h4 19. Qxh4 Bf6 20. Qg3 Bxc3 21. bxc3 Nf6
22. Re1 c4 23. Bc2 Nbd7 24. Nd2 Nc5 25. Ba3 Nh5 26. Qe3 Qh4 27. Bxc5 dxc5 28.
Nxc4 Nxf4 29. Nb6 Bxh3 30. gxh3 Nxh3 31. Re2 Nf2+ 32. Kg2 Ng4 33. Qg3 Qg5 34.
Nxa8 f5 35. exf5 gxf5 36. Kf3 Qf6 37. Rh1 Qxc3+ 38. Kg2 Qc4 39. Qd3 Qf4 40. Rh5
Ne3+ 41. Qxe3 1-0

[Event "Hotel MEDOSZ Spring Open"]
[Site "Budapest"]
[Date "2014.03.20"]
[Round "7.13"]
[White "Xiao Hu, Chen"]
[Black "Pesola, Jyrki"]
[Result "0-1"]
[WhiteElo "1546"]
[BlackElo "1863"]
[PlyCount "56"]
[EventDate "2014.03.14"]

1. e4 c5 2. Nf3 Nf6 3. e5 Nd5 4. c3 Nc6 5. d4 cxd4 6. cxd4 e6 7. Nc3 Nxc3 8.
bxc3 d6 9. exd6 Bxd6 10. Bd3 Qa5 11. Bd2 Qh5 12. Ng5 Qxd1+ 13. Rxd1 h6 14. Ne4
Be7 15. Bf4 O-O 16. Bd6 Rd8 17. Bxe7 Nxe7 18. O-O b6 19. Be2 Bb7 20. Bf3 Rd7
21. Rb1 Bd5 22. Rb4 Rc8 23. Rc1 Bxa2 24. Nd2 Bd5 25. g3 Nc6 26. Ra4 b5 27. Ra6
Nxd4 28. Bxd5 Ne2+ 0-1

[Event "Hotel MEDOSZ Spring Open"]
[Site "Budapest"]
[Date "2014.03.20"]
[Round "7.14"]
[White "Szalay, Janos Dr"]
[Black "Vegvari, Ferenc"]
[Result "0-1"]
[WhiteElo "1795"]
[BlackElo "1719"]
[PlyCount "74"]
[EventDate "2014.03.14"]

1. f4 f5 2. e3 d5 3. d3 Nf6 4. Be2 e6 5. Nf3 Bd6 6. Ne5 O-O 7. O-O Nbd7 8. d4
c6 9. a3 Ne4 10. c4 Rf6 11. Nd2 Rh6 12. Nxe4 fxe4 13. Ng4 Rg6 14. cxd5 exd5 15.
f5 Rg5 16. h4 Rxg4 17. Bxg4 Qxh4 18. Bh3 Nf6 19. Rf4 Qh6 20. Qf1 Bd7 21. Bd2
Nh5 22. Rh4 Bg3 23. Rg4 Rf8 24. Qe2 Bxf5 25. Rf1 Rf6 26. Bb4 Bxg4 27. Rxf6 Nxf6
28. Qd2 Bxh3 29. gxh3 Qxh3 30. Be7 Qh2+ 31. Qxh2 Bxh2+ 32. Kxh2 Ng4+ 33. Kg3
Nxe3 34. Kf4 Nc4 35. b3 Nd2 36. b4 b5 37. Bc5 a6 0-1

[Event "Hotel MEDOSZ Spring Open"]
[Site "Budapest"]
[Date "2014.03.20"]
[Round "7.15"]
[White "Ongut, Tamas Gunes"]
[Black "Horvath, Lajos Dr"]
[Result "1-0"]
[WhiteElo "1531"]
[BlackElo "1565"]
[PlyCount "91"]
[EventDate "2014.03.14"]

1. e4 e6 2. d4 d5 3. Nc3 Nc6 4. e5 Bb4 5. Nge2 f6 6. f4 f5 7. a3 Be7 8. Be3 Nh6
9. h3 Bh4+ 10. g3 Be7 11. Qd2 Na5 12. b3 c6 13. Ng1 b6 14. Nf3 Bd7 15. b4 Nb7
16. Ba6 Rb8 17. Ne2 Nf7 18. c3 c5 19. Rg1 c4 20. Bxb7 Rxb7 21. Kf1 a5 22. g4
Bh4 23. g5 h6 24. Nxh4 hxg5 25. Nf3 Rxh3 26. Nxg5 Nxg5 27. Rxg5 Kf7 28. Ng1 Rh7
29. Qg2 Qh8 30. Ra2 Ra7 31. Nf3 axb4 32. cxb4 c3 33. Rg3 Bb5+ 34. Kf2 Rh1 35.
Rxg7+ Qxg7 36. Qxh1 Bc4 37. Ra1 Kf8 38. Qh4 Re7 39. Rg1 Qh7 40. Qg5 Qg7 41. Qh4
Qh7 42. Qf6+ Ke8 43. Rg2 Qh1 44. Rg8+ Kd7 45. Qf8 Qf1+ 46. Kg3 1-0

[Event "Hotel MEDOSZ Spring Open"]
[Site "Budapest"]
[Date "2014.03.20"]
[Round "7.16"]
[White "Szabo, Miklos Istvan"]
[Black "Ladanyi, Gyula"]
[Result "0-1"]
[WhiteElo "1332"]
[BlackElo "1798"]
[PlyCount "90"]
[EventDate "2014.03.14"]

1. e4 e5 2. Nf3 Nc6 3. Bb5 a6 4. Ba4 Nf6 5. c3 b5 6. Bc2 Be7 7. d3 O-O 8. Nbd2
d5 9. O-O dxe4 10. dxe4 Bb7 11. Qe2 Bd6 12. Rd1 Nd7 13. Nf1 Ne7 14. Ng3 Ng6 15.
Nf5 Bc5 16. g3 Qe8 17. Be3 f6 18. Rd2 Bxe3 19. Qxe3 Ne7 20. Bb3+ Kh8 21. Be6
Nb6 22. Rad1 Nxf5 23. exf5 Qh5 24. Nh4 Qe8 25. Qc5 Bc6 26. Ng2 Na4 27. Qe3 Qe7
28. Bd5 Bxd5 29. Rxd5 Nxb2 30. R1d4 Qa3 31. Rb4 Nc4 32. Qc5 Qc1+ 33. Ne1 Qxe1+
34. Kg2 Nd2 35. Rxd2 Qxd2 36. a4 Rfd8 37. Qc6 Qd5+ 38. Qxd5 Rxd5 39. c4 bxc4
40. Rxc4 c5 41. g4 g6 42. h3 gxf5 43. gxf5 Rc8 44. Kg3 Rd4 45. Rc1 c4 0-1

[Event "Hotel MEDOSZ Spring Open"]
[Site "Budapest"]
[Date "2014.03.21"]
[Round "8.2"]
[White "Balint, Vilmos"]
[Black "Nguyen, Thi Mai Hung"]
[Result "0-1"]
[WhiteElo "2246"]
[BlackElo "2261"]
[PlyCount "68"]
[EventDate "2014.03.14"]

1. e4 e6 2. d4 d5 3. Nc3 Nf6 4. Bg5 dxe4 5. Nxe4 Nbd7 6. Nf3 h6 7. Nxf6+ Nxf6
8. Bh4 Be7 9. Be2 c5 10. O-O O-O 11. dxc5 Qa5 12. c6 bxc6 13. Qd2 Qxd2 14. Nxd2
Rd8 15. Rfd1 Rb8 16. Nb3 Bb7 17. Na5 Ba8 18. Rxd8+ Rxd8 19. Bf3 c5 20. Bxa8
Rxa8 21. Nc6 Bf8 22. f3 c4 23. Bxf6 gxf6 24. Kf1 a6 25. Rd1 Rc8 26. Na5 Rc5 27.
Nb7 Rb5 28. Nd8 Rxb2 29. c3 Rc2 30. Rd7 Rxc3 31. Nxf7 Rc1+ 32. Kf2 Rc2+ 33. Kg3
Rxa2 34. Nd8 c3 0-1

[Event "Hotel MEDOSZ Spring Open"]
[Site "Budapest"]
[Date "2014.03.21"]
[Round "8.3"]
[White "Farkas, Richard"]
[Black "Vereb, Gabor"]
[Result "1-0"]
[WhiteElo "2191"]
[BlackElo "2137"]
[PlyCount "143"]
[EventDate "2014.03.14"]

1. e4 e5 2. Nf3 Nc6 3. Bb5 a6 4. Bxc6 dxc6 5. O-O f6 6. d4 Bg4 7. dxe5 Qxd1 8.
Rxd1 fxe5 9. Nbd2 Rd8 10. Re1 Bd6 11. h3 Bxf3 12. Nxf3 Ne7 13. Bg5 Rd7 14. Nh4
c5 15. f4 Nc6 16. f5 Be7 17. Bxe7 Kxe7 18. Nf3 Kf6 19. c3 a5 20. Red1 Rhd8 21.
Rxd7 Rxd7 22. Kf2 Nd8 23. Ke2 Nf7 24. h4 g6 25. g4 gxf5 26. exf5 h5 27. gxh5
Kxf5 28. Rg1 e4 29. Ng5 Nh6 30. Nh3 Ng4 31. Rf1+ Ke5 32. Nf4 Rd6 33. Ng6+ Ke6
34. Rf4 Nf6 35. h6 Nh7 36. h5 Rd5 37. Rxe4+ Kf6 38. Re7 Rxh5 39. Rxh7 Kxg6 40.
Rxc7 Kxh6 41. Rxb7 Kg6 42. Kd3 Kf6 43. Kc4 Ke6 44. Rb5 Kd6 45. Rxa5 Rh4+ 46.
Kb3 Kc6 47. Ra4 Rh2 48. Rg4 Kb5 49. Rg6 c4+ 50. Ka3 Rc2 51. Rg5+ Kc6 52. Rg3
Kb5 53. b3 Kc5 54. Rg4 Kb6 55. Kb4 cxb3 56. axb3 Rf2 57. Rg6+ Kc7 58. c4 Rf3
59. Ka4 Rc3 60. Rg4 Kc6 61. b4 Rf3 62. Rg6+ Kc7 63. Kb5 Rf5+ 64. c5 Rf7 65. Rg5
Kb7 66. c6+ Kc7 67. Rd5 Rf4 68. Rd7+ Kc8 69. Rh7 Kb8 70. Kc5 Rf5+ 71. Kb6 Rf8
72. Rb7+ 1-0

[Event "Hotel MEDOSZ Spring Open"]
[Site "Budapest"]
[Date "2014.03.21"]
[Round "8.4"]
[White "Boguszlavszkij, Jevgenyij"]
[Black "House, Glenn L"]
[Result "1/2-1/2"]
[WhiteElo "2224"]
[BlackElo "2204"]
[PlyCount "100"]
[EventDate "2014.03.14"]

1. e4 c5 2. Nc3 e6 3. g3 d5 4. exd5 exd5 5. Bg2 Nf6 6. Nge2 d4 7. Ne4 Nxe4 8.
Bxe4 Nd7 9. O-O Nf6 10. Bg2 Bd6 11. d3 O-O 12. Bf4 Bg4 13. Bxd6 Qxd6 14. h3 Bd7
15. Qd2 Bc6 16. Qf4 Qxf4 17. Nxf4 Bxg2 18. Nxg2 Rfe8 19. Rfe1 Nd5 20. a3 Kf8
21. Kf1 a5 22. Nh4 a4 23. Nf3 Rxe1+ 24. Rxe1 Re8 25. Ng5 Rxe1+ 26. Kxe1 h6 27.
Ne4 b6 28. Ke2 Ke7 29. Nd2 Ke6 30. Nc4 f5 31. Kf3 b5 32. Nd2 Ke5 33. Ke2 g5 34.
Nf3+ Kf6 35. Nd2 Ke5 36. Nf3+ Kf6 37. Nd2 h5 38. Nf3 g4 39. hxg4 hxg4 40. Nd2
Kg5 41. Ke1 Ne7 42. b3 Nd5 43. bxa4 bxa4 44. Nc4 Kf6 45. Nd6 Nb6 46. Nb7 c4 47.
Na5 cxd3 48. cxd3 Ke6 49. Nc6 Kd5 50. Ne7+ Ke6 1/2-1/2